000 00251nam a2200097Ia 4500
001 752384
005 20250826164702.0
008 250824s9999 xx 000 0 und d
245 0 _aKAFAMDA DELİ SORULAR
_cRAFET SERTOĞLU
260 _bATLIKARINCA YAYINLARI
999 _c752384
_d752384